Levelek és költemények

Elmentve itt :
Bibliográfiai részletek
Szerző: Pásztor József
Dokumentumtípus: Könyv
Megjelent: Schulhof Károly kiadása Szeged, Magyarország 1905
Kulcsszavak:Magyar irodalom - novella
Tárgyszavak:
Online Access:http://misc.bibl.u-szeged.hu/57711
LEADER 00681nam a2200193 i 4500
001 misc57711
005 20210515092155.0
008 210515s1905 hu o 0|| hun d
040 |a SZTE Miscellanea Repozitórium  |b hun 
041 |a hun 
100 1 |a Pásztor József 
245 1 0 |a Levelek és költemények  |h [elektronikus dokumentum] /  |c  Pásztor József 
260 |a Schulhof Károly kiadása  |b Szeged, Magyarország  |c 1905 
300 |a 79 p.  |c 20 cm 
650 4 |a Bölcsészettudományok 
650 4 |a Nyelvek és irodalom 
650 4 |a Általános irodalomtudományok 
695 |a Magyar irodalom - novella 
856 4 0 |u http://misc.bibl.u-szeged.hu/57711/1/xa_120789.pdf  |z Dokumentum-elérés